Statystyki dla QUIZ ODPOWIEDZ NA PYTANIA

Kliknij tutaj aby rozwiązać quiz!

Ogólne statystyki

  • Ten quiz został rozwiązany 36 razy
  • Średni wynik to 4 z 6

Statystyki odpowiedzi

ZagadnienieOdpowiedź% Poprawnych
czy mongolia jest większa od mauretaniitak
88%
czy kazachstan jest większy od arabii saudyjskiejtak
72%
czy australia jest większa od brazyliinie
68%
czy chiny są większe od USAtak
60%
czy japonia jest większa od polskinie
52%
czy indonezja jest większa od algieriinie
48%

Rozkład punktacji

Percentyl według liczby udzielonych odpowiedzi

Procent ludzi z każdym wynikiem

Twoja historia wyników

Nie rozwiązałeś tego quizu